Future of human rights (Record no. 1398254)

MARC details
000 -LEADER
fixed length control field 00620nam a2200217Ia 4500
005 - DATE AND TIME OF LATEST TRANSACTION
control field 20250508165929.0
008 - FIXED-LENGTH DATA ELEMENTS--GENERAL INFORMATION
fixed length control field 008 250505s9999 xx 000 0 eng d
037 ## - SOURCE OF ACQUISITION
Stock number Textual
040 ## - CATALOGING SOURCE
Original cataloging agency FEDL
Language of cataloging eng
Transcribing agency FEDL
041 ## - LANGUAGE CODE
Language code of text/sound track or separate title eng
Source of code eng
084 ## - COLON CLASSIFICATION NUMBER
Classification number 323.4, BAX
Assigning agency FEDL
100 ## - MAIN ENTRY--PERSONAL NAME
Personal name Baxi Upendra
245 #0 - TITLE STATEMENT
Title Future of human rights
250 ## - EDITION STATEMENT
Edition statement 3
260 ## - PUBLICATION, DISTRIBUTION, ETC.
Place of publication, distribution, etc. New Delhi, India
Name of publisher, distributor, etc. Oxford University Press
Date of publication, distribution, etc. 2006
300 ## - PHYSICAL DESCRIPTION
Extent xIiv, 339p.
365 ## - TRADE PRICE
Price type code INR
Price amount 36
546 ## - LANGUAGE NOTE
Language note Gifted by HOD Namita Ranaganathan in memory of Prof. Arvind Gaysu
942 ## - ADDED ENTRY ELEMENTS (KOHA)
Koha item type Textual
Classification part 323.4, BAX
Holdings
Withdrawn status Lost status Damaged status Not for loan Home library Current library Date acquired Cost, normal purchase price Total Checkouts Full call number Barcode Date last seen Price effective from Koha item type
        Department of Education Library Department of Education Library 2025-05-08 36.00   323.4, BAX EL0091914 2025-05-08 2025-05-08 Textual
Copyright @ Delhi University Library System